Systémové pojetí malých podniků v podmínkách hospodářské reformy.

Postavenie a úloha malých a stredných podnikov v podmienkach hospodárskej reformy. Predpoklady nutné pre existenciu a rozvoj týchto podnikov. Tvorba "infraštruktúry" nevyhnutnej pre malé a stredné podniky. "Teória aktérov" podľa A. Touraina. Sociologický výskum danej problematiky z pohľadu systémové...

Descrizione completa

Salvato in:
Dettagli Bibliografici
Autore principale: Walló, V.
Natura: Capitolo di libro
Lingua:ceco
Soggetti:
Tags: Aggiungi Tag
Nessun Tag, puoi essere il primo ad aggiungerne!!

MARC

LEADER 00000naa a2200000 4500
001 r003368
005 20221125080858.5
041 0 |a cze 
044 |a [CS] 
245 1 0 |a Systémové pojetí malých podniků v podmínkách hospodářské reformy.  |c V. Walló 
520 |a Postavenie a úloha malých a stredných podnikov v podmienkach hospodárskej reformy. Predpoklady nutné pre existenciu a rozvoj týchto podnikov. Tvorba "infraštruktúry" nevyhnutnej pre malé a stredné podniky. "Teória aktérov" podľa A. Touraina. Sociologický výskum danej problematiky z pohľadu systémového poňatia. 
610 2 0 |a reformy hospodárske 
610 2 0 |a podnik malý 
610 2 0 |a podnik stredný 
610 2 0 |a infraštruktúra 
610 2 0 |a výskum sociologický 
610 2 0 |a teória systémov všeobecná 
100 1 |a Walló, V.